| 000 | 00626nam a2200229 a 4500 | ||
|---|---|---|---|
| 003 | AR-BaBNM | ||
| 005 | 20251128210630.0 | ||
| 008 | 082120s2002 ||||||||||||||000 | spa|| | ||
| 040 | _cAR-BaBNM | ||
| 100 | 1 | _aRamos González, Sebastián | |
| 245 | 0 | 0 |
_aGuía del aprendizaje inicial _n1 |
| 260 |
_aBuenos Aires _bEdiciones Interestelar _c1972 |
||
| 300 | _a252 p. | ||
| 650 | 4 | _aCUENTO INFANTIL | |
| 650 | 4 | _aENSEÑANZA DE LAS CIENCIAS SOCIALES | |
| 650 | 4 | _aPOESIA | |
| 653 | _aENSENANZA DE LA LENGUA | ||
| 653 | _aEDUCACION PRIMARIA | ||
| 700 | 1 | _aLópez de Medina, Ana María | |
| 942 | _cBK | ||
| 998 | _cRAQUEL | ||
| 999 |
_c16268 _d16268 |
||